[Event "Ruhrgebiet Verbandsklasse Gruppe 1 1617"]
[Site "Germany"]
[Date "2017.02.19"]
[Round "7.8"]
[White "Ohmstede, Rudolf"]
[Black "Littmann, Joschka Marius"]
[Result "0-1"]
[WhiteElo "1515"]
[BlackElo "1331"]
[PlyCount "38"]
[EventDate "2016.09.04"]
[EventType "team-tourn"]
[EventRounds "9"]
[EventCountry "GER"]
[SourceTitle "EXT 2022"]
[Source "ChessBase"]
[SourceDate "2021.10.06"]
[SourceVersion "1"]
[SourceVersionDate "2021.10.06"]
[SourceQuality "1"]
[WhiteTeam "Oberhausen SV III"]
[BlackTeam "Recklinghausen Altstadt"]
[WhiteTeamCountry "GER"]
[BlackTeamCountry "GER"]

1. d4 Nf6 2. c4 g6 3. g3 Bg7 4. Bg2 0-0 5. Nf3 Nc6 6. 0-0 d6 7. Nc3 e5 8. Bg5 h6 9. Bxf6 Bxf6 10. d5 Ne7 11. e4 Bg7 12. h3 f5 13. exf5 Nxf5 14. Qd3 Qe8 15. Rae1 g5 16. b3 a6 17. Kh2 Ne7 18. g4 Ng6 19. Ne2 e4 0-1